000 00275nam a2200121Ia 4500
008 190216s9999||||xx |||||||||||||| ||und||
100 _aSushkov
245 0 _aTechnical Thermodynamics
260 _bForeign Languages Pub
300 _a394p
650 _aPhysics
942 _cBK
999 _c32702
_d32702